000 02494nam0a2200397 i 4500
001 RU\NLR\BIBL_A\010568832
005 20260408193815.0
010 _a9785814917553
_9100
021 _aRU
_b2014-78542
_94802
035 _a(NILC)LIBNET\0000467385
035 _a(NLR Aleph) 010568832
090 _a10415542
_c10415542
100 _a20141218d2014 k y0rusy50 ca
101 0 _arus
102 _aRU
105 _ay|||z|||101yy
200 1 _aРоссия и Казахстан: исторический опыт сотрудничества и перспективы интеграции
_eматериалы международной научно-практической конференции (Омск, 12 мая 2014 г.)
_f[редкол.: Гермизеева Виктория Викторовна, к.ист.н., доц. (отв. ред.) и др.]
210 _aОмск
_cИзд-во ОмГТУ
_d2014
215 _a115 с.
_cил.
_d20
300 _aВ надзаг.: Минобрнауки России, Федер. гос. бюджет. образоват. учреждение высш. проф. образования "Ом. гос. техн. ун-т", Регион. обществ. орг. казахов Ом. обл. "Единство"
320 _aБиблиогр. в конце ст.
607 _aРоссия
_xВзаимоотношения
_yКазахстан
_jСъезды, совещания и т.п
_3RU\NLR\AUTH\661342918
_92237790
607 _aКазахстан
_xВзаимоотношения
_yРоссия
_jСъезды, совещания и т.п
_3RU\NLR\AUTH\661342920
_92237794
686 _a63.3(2)-64(5Каз)я431
_vLBC/M
_2rubbk
686 _a63.3(5Каз)-64(2)я431
_vLBC/M
_2rubbk
686 1 _aТ3(2)0-64(5Каз)я431
686 1 _aТ3(5Каз)0-64(2)я431
702 1 _aГермизеева
_bВ. В.
_gВиктория Викторовна
_4340
711 1 2 _a"Россия и Казахстан: исторический опыт сотрудничества и перспективы интеграции", международная научно-практическая конференция
_eОмск
_f2014
_9437210
_3RU\NLR\AUTH\880385490
801 0 _aRU
_bОмская ГОНБ
_c20140805
_grcr
801 1 _aRU
_bОмская ГОНБ
_c20140805
_grcr
_2rusmarc
830 _a080
942 _cBOOK
980 _aNBR